Statistics for "S" Countries by City A-Z

Click here to take the quiz!

General Stats

  • This quiz has been taken 66 times
  • The average score is 18 of 26

Answer Stats

CityCountry% Correct
RiyadhSaudi Arabia
98%
LjubljanaSlovenia
98%
SingaporeSingapore
97%
ZürichSwitzerland
97%
DakarSenegal
90%
ParamariboSuriname
85%
FreetownSierra Leone
83%
KingstownSaint Vincent and the Grenadines
81%
VictoriaSeychelles
81%
BasseterreSaint Kitts and Nevis
78%
CastriesSaint Lucia
78%
ApiaSamoa
78%
HoniaraSolomon Islands
69%
East LondonSouth Africa
69%
YtterbySweden
69%
UžiceSerbia
63%
TrnavaSlovakia
61%
MontegiardinoSan Marino
58%
JejuSouth Korea
56%
IdlibSyria
53%
WauSouth Sudan
51%
OmdurmanSudan
49%
GalleSri Lanka
39%
XàbiaSpain
37%
QandalaSomalia
31%
NevesSão Tomé and Príncipe
29%

Score Distribution

Percentile by Number Answered

Percent of People with Each Score

Your Score History

You have not taken this quiz